000
00498nam a2200181Ia 4500
008
090123s9999 xx 000 0 und d
082
_b
28595
100
_a
ढोले संजय
245
_a
प्रतिशोध
250
_a
1
260
_b
पुष्प प्रकाशन
_c
1998
300
_a
158
600
_a
ढोले संजय
630
_a
प्रतिशोध
700
_a
ढोले संजय
730
_a
प्रतिशोध
942
_c
BOOK
999
_c
67130
_d
67130